00489 a2200169 450000100060000002000150000604000220002110000330004324000300007624500250010630000070013136200090013865000230014794200070017095201250017799900170030261769 a8598553069 cAnchieta - Pituba aCedraz, Antônio Luiz Ramos10aLendas e mistérioslpor10aLendas e mistérios a480 a2007 4aLiteratura juvenil cBK 00104070a91.1bCPLd2023-11-21l1oLJ 028.5 C389l CED LENp13991/PITr2023-11-21 18:49:56s2023-11-21w2023-11-21yBK c61769d61769